[Event "1st Archibald 2019"]
[Site "Sochi"]
[Date "2019.05.15"]
[Round "5.12"]
[White "Lugovskoy, Maxim"]
[Black "Gharagyozyan, Artur"]
[Result "1-0"]
[WhiteElo "2445"]
[BlackElo "2321"]
[Annotator "TA"]
[PlyCount "97"]
[EventDate "2019.05.12"]
[EventType "swiss"]
[EventCountry "RUS"]
[SourceTitle "playchess.com"]
[Source "ChessBase"]
[SourceQuality "1"]

{[%evp 12,97,16,22,23,-19,-21,-22,23,0,0,0,0,0,0,0,0,0,20,0,13,0,0,0,0,-8,0,-4,16,0,0,0,0,-82,-46,-70,-7,-10,0,0,0,0,0,0,0,0,0,0,126,140,173,171,243,241,234,242,241,240,272,225,1368,1141,6266,6282,29970,29971,29971,29972,29972,29973,29972,29972,29973,29973,29973,29975,29982,29983,29983,29984,29984,29985,29985,29986,29990,29991,29991,29981]} 1. d4 Nf6 2. Nf3 d5 3. g3 e6 4. Bg2 Be7 5. O-O O-O 6. c4 c6 7. Nc3 Ne4 {E06: Closed Catalan: Early deviations} (7... Nbd7 8. b3 b6 9. Bb2 Ba6 10. Nd2 b5 11. cxd5 cxd5 12. a3 Rc8 13. Re1 Bb7 14. e3 a6 15. Qe2 b4 16. axb4 Bxb4 17. Rec1 Qb6 18. Na4 Rxc1+ 19. Rxc1 Qd6 20. Nf3 Rc8 21. Rxc8+ Bxc8 22. Qc2 Qb8 23. Bc3 Qc7 24. Ne1 Ne4 25. Bxb4 {1-0 (25) Rodshtein,M (2674)-Predojevic,B (2616) Porto Carras 2018}) 8. Ne1 $146 ({Predecessor:} 8. Qc2 f5 9. Ne5 Nd7 10. Bf4 Nxe5 11. Bxe5 Bd6 12. Bxd6 Qxd6 13. c5 Qc7 14. f4 b6 15. Rfc1 Bd7 16. b4 Nxc3 17. Qxc3 Rfb8 18. e3 a5 19. a3 b5 20. Bf3 Ra6 21. Bd1 Rba8 22. Rab1 axb4 23. axb4 Ra3 24. Bb3 Be8 25. Qb2 {½-½ (25) Dudas,J (2332)-Harmatosi,J (2236) Hungary 2014}) 8... Nxc3 9. bxc3 b6 {The position is equal.} 10. Nd3 Ba6 11. cxd5 cxd5 12. e4 Bb7 13. e5 Nc6 {[%cal Bb8c6,Bc6a5,Ba5c4][%mdl 32]} 14. f4 Na5 15. Bd2 Ba6 16. Be1 Nc4 {Strongly threatening ...Ne3.} 17. Rf3 Qd7 18. g4 f6 19. exf6 Rxf6 20. Bh3 g5 21. Bg3 Raf8 22. Bf1 (22. f5 $11 {keeps the balance.}) 22... gxf4 23. Bxf4 Bd6 (23... Nd6 $15 24. g5 Rf5) 24. Bxd6 $11 Rxf3 25. Bxf8 Rxf8 26. Qe2 Nd6 27. Bg2 Ne4 28. Bxe4 dxe4 29. Qxe4 Bb7 (29... Qf7 $11) 30. Ne5 $16 Qg7 31. Qe3 $1 h5 {[#]} (31... b5 $142 32. Rf1 Rxf1+ 33. Kxf1 Bd5) 32. Rf1 $1 $18 Rxf1+ 33. Kxf1 hxg4 34. Qf4 Bd5 35. a3 ({Weaker is} 35. Nxg4 Bxa2 36. Nf6+ Kf8 $14) ({Stronger than} 35. Qxg4 Qxg4 36. Nxg4 Bxa2 $11) 35... Bf3 $2 (35... g3 36. hxg3 b5) 36. Nxf3 gxf3 {[#]} 37. Qg3 $1 {[%cal Rg3g7]} Qxg3 38. hxg3 {[%mdl 4096] Endgame KP-KP. White mates.} e5 39. dxe5 Kf7 40. Kf2 Ke6 41. Kxf3 Kxe5 {K3P-KPP} 42. Kg4 b5 43. Kh5 a5 44. g4 Kf6 45. Kh6 Kf7 46. g5 Kg8 47. Kg6 a4 48. Kf6 Kf8 49. Ke5 {Accuracy: White = 73%, Black = 40%.} 1-0

[Event "1st Archibald 2019"]
[Site "Sochi"]
[Date "2019.05.15"]
[Round "5.13"]
[White "Oganian, Miran"]
[Black "Maltsevskaya, Aleksandra"]
[Result "1-0"]
[WhiteElo "2415"]
[BlackElo "2299"]
[Annotator "TA"]
[PlyCount "225"]
[EventDate "2019.05.12"]
[EventType "swiss"]
[EventCountry "RUS"]
[SourceTitle "playchess.com"]
[Source "ChessBase"]
[SourceQuality "1"]

{[%evp 18,225,43,35,66,56,114,123,158,96,103,90,103,100,88,80,79,78,79,72,75,75,74,22,22,0,34,-8,-8,-4,-26,-20,-9,-19,0,1,0,0,0,0,79,28,51,56,50,56,45,43,43,50,93,43,45,21,20,27,77,77,77,77,85,77,256,247,257,232,257,257,316,314,310,310,310,301,293,0,255,260,254,250,233,232,231,231,275,275,275,253,261,224,221,157,144,147,147,151,137,0,0,0,146,80,253,189,250,247,412,448,430,427,396,385,367,305,334,295,332,327,282,245,243,0,308,298,298,293,260,188,1662,1579,1141,2063,2063,2192,1820,1114,1122,1102,1247,3887,2237,1083,1083,1027,794,0,4023,4740,5142,4229,5115,4896,4849,4622,2908,2998,6597,6299,6010,2330,5687,5704,7146,576,7322,7121,2565,5860,5182,4678,6710,4803,3331,3170,1980,1618,29980,29981,29981,29982,29982,29983,29985,29983,29983,29983,29986,29983,29983,29981,29988,29981,29980,29981,29987,29981,29985,0,29988,29989,29989,29987,29987,29988,29988,29989,29993,29994,29995,29996]} 1. d4 Nf6 2. c4 g6 3. Nf3 Bg7 4. g3 O-O 5. Bg2 d6 6. O-O Nbd7 7. Nc3 a6 8. e4 e5 9. Qc2 exd4 10. Nxd4 Ng4 {E68: King's Indian: Fianchetto: 6...Nbd7 7 0-0 e5 8 e4} (10... Re8 11. Re1 Ne5 12. b3 c5 13. Nf3 Nfg4 14. Nxe5 Nxe5 15. Bb2 Nc6 16. Qd2 Qa5 17. Rad1 Bg4 18. f3 {½-½ (49) Giri,A (2772)-Ivanchuk,V (2728) Tbilisi 2017}) 11. Rd1 c5 $146 ({Black should play} 11... Re8 $14) ({Predecessor:} 11... c6 12. h3 Nge5 13. b3 Nc5 14. Be3 a5 15. Nde2 Qe7 16. f4 Ned7 17. Bf2 Nf6 18. Nd4 {1-0 (46) Sebenik,M (2540)-Agrest,I (2275) chess.com INT 2019}) 12. Nde2 $16 Qf6 {White is better.} 13. f3 ({White should try} 13. f4 $1) 13... Nge5 14. f4 Nc6 15. b3 Nb6 16. Be3 Bg4 17. h3 Bxe2 18. Nxe2 Rad8 19. Rab1 Rfe8 20. b4 (20. a3 $16) 20... Qe6 $11 21. Rdc1 Nd4 22. Bxd4 cxd4 23. Qd3 d5 24. cxd5 Nxd5 25. e5 Ne3 (25... Bf8 {seems wilder.} 26. Rc4 Ne3 27. Rxd4 Qxa2 28. Be4 Rxd4 29. Nxd4 Nd5) 26. Nxd4 Nxg2 27. Nxe6 Rxd3 28. Nxg7 Red8 (28... Kxg7 $11 {keeps the balance.} 29. Kxg2 Red8) 29. Kxg2 (29. Ne6 $1 $16 {[%cal Re6d8]} fxe6 30. Kxg2) 29... Rd2+ 30. Kf3 $1 R8d3+ 31. Kg4 Kxg7 $14 {[%mdl 4096] Endgame KRR-KRR} 32. Rb3 $1 {[%cal Rb3d3]} h5+ 33. Kh4 Rd7 34. a3 Kh6 35. Rf3 R7d4 {[%csl Gh6][%cal Rg6g5]} 36. g4 Rg2 {( -> ...Rxf4!)} 37. Rc8 $1 hxg4 38. hxg4 {Black must now prevent e6!} g5+ 39. Kh3 Rdd2 $2 (39... Rg1 $16 {is a better defense.}) 40. fxg5+ $18 Kg6 41. Rg8+ $1 Kh7 42. Rb8 Kg6 43. Rxb7 Rh2+ 44. Kg3 Rhg2+ 45. Kh4 {Threatening mate with Rf6+.} Rh2+ 46. Kg3 {Threatens to win with Rb6+.} Rhg2+ 47. Kf4 {Hoping for Rb6+.} Rd4+ 48. Ke3 Rgxg4 49. Rbxf7 {Strongly threatening R3f6+.} Rge4+ 50. Kf2 Rxe5 51. R7f6+ Kxg5 52. Rxa6 Ree4 53. Rf8 Rd2+ 54. Kf3 Ree2 55. Rg8+ Kf5 56. Ra5+ Kf6 {[#]} 57. Rf8+ (57. Rg1 $1 $16) 57... Kg6 $1 $11 58. Rg8+ (58. Rff5 $11 Rf2+ 59. Ke3 Rfe2+ 60. Kf4 Rf2+ 61. Ke4 Rfe2+ 62. Kf4 Rf2+ 63. Ke4 Rfe2+ 64. Kf4) 58... Kf6 $1 $16 {[#] intending ...Rf2+.} 59. Rg3 (59. Rg1 $142 $1) 59... Rc2 $2 (59... Re8 $16) 60. Rc5 Ra2 (60... Rf2+ $142 61. Ke3 Rcd2) 61. Kf4 $18 Red2 $2 (61... Re6 62. b5 Rb2) 62. Rc6+ Kf7 63. Ke5 Rd1 64. Rc7+ Kf8 65. Re3 Rh2 66. Kf4 Rf2+ 67. Kg3 Rf6 68. Rc8+ Kf7 69. Rc7+ $2 (69. Rc4 $18) 69... Kg6 $2 {[%mdl 8192]} (69... Kf8 $1 $11 {and Black is okay.} 70. Rb7 Rg1+ 71. Kh2 Rb1) 70. Rcc3 Rg1+ 71. Kh2 Rgf1 72. Rg3+ Kh6 $2 (72... Kf7 73. b5 R6f2+ 74. Rg2 Rf5) 73. Rg2 {[%cal Rc3h3]} R6f5 74. Rh3+ Rh5 75. Rxh5+ Kxh5 {KR-KR} 76. Rg8 Ra1 77. Ra8 Kg4 78. b5 Ra2+ 79. Kg1 Kg3 80. Kf1 Kf3 81. Kg1 $2 ({White must play} 81. Rf8+ $18 Ke4 82. Ra8) 81... Ra1+ $2 {[%mdl 8192]} (81... Kg3 $11 82. Rg8+ Kf3) 82. Kh2 Ra2+ 83. Kh3 Ra1 84. Kh4 Kf4 85. Kh5 Kf5 86. Kh6 Kf6 87. Ra6+ Ke7 88. a4 Kd7 89. Ra7+ Kc8 90. Kg6 (90. a5 $142 Kb8 91. b6) 90... Kb8 91. b6 Rb1 92. a5 Rf1 93. Re7 Rd1 94. Kf6 Ra1 95. Ra7 Re1 96. Rd7 Rh1 97. Ke6 Ra1 98. Kd6 Rc1 99. Rf7 Rc2 100. Rg7 Rc1 101. Rh7 Rc2 102. Kd5 Rc1 103. Kd4 Rc2 104. Ra7 Rc1 105. Rf7 Rc2 106. Rg7 Rc1 107. Rh7 Rc2 $1 108. a6 {[%cal Ba5a6,Ba6a7][%mdl 32] White mates.} Rd2+ 109. Kc3 Rd8 110. Kb4 Rg8 111. Rh5 Ka8 112. Kb5 Rf8 113. a7 {Accuracy: White = 70%, Black = 41%.} 1-0

[Event "1st Archibald 2019"]
[Site "Sochi"]
[Date "2019.05.15"]
[Round "5.14"]
[White "Yandarbiev, Ruslan"]
[Black "Kovalchuk, Alexey"]
[Result "1-0"]
[WhiteElo "2279"]
[BlackElo "2410"]
[Annotator "TA"]
[PlyCount "64"]
[EventDate "2019.05.12"]
[EventType "swiss"]
[EventCountry "RUS"]
[SourceTitle "playchess.com"]
[Source "ChessBase"]
[SourceQuality "1"]

{[%evp 12,64,28,29,38,28,39,28,43,22,43,8,32,17,48,6,10,24,56,60,77,23,16,16,16,20,20,0,61,33,35,24,31,32,60,50,96,41,97,92,92,95,90,94,151,158,189,187,260,256,499,490,460,423,29997]} 1. e4 c5 2. Nf3 d6 3. d4 cxd4 4. Nxd4 Nf6 5. Nc3 a6 6. h3 e6 7. g4 Nfd7 {B81: Sicilian Scheveningen: Keres Attack} (7... h6 8. Bg2 g5 9. Be3 Nbd7 10. Qe2 Ne5 11. O-O-O Nfd7 12. h4 Rg8 13. hxg5 hxg5 14. Kb1 b5 15. f4 gxf4 16. Bxf4 Bb7 {½-½ (56) Karjakin,S (2773)-Mamedyarov,S (2801) Saint Louis 2018}) 8. g5 b5 9. a3 Bb7 {White has an edge.} 10. h4 Be7 11. Rg1 Nc6 12. Be3 O-O 13. h5 Nxd4 14. Qxd4 {[#]} Nc5 $146 ({Predecessor:} 14... Ne5 15. Be2 {½-½ (31) Vignesh,N (2455)-Sandipan,C (2555) Jammu 2018}) 15. f3 Qc7 16. h6 (16. O-O-O $16) 16... e5 $11 17. Qd2 $40 {[%mdl 128] And now hxg7 would win. White mounts an attack.} g6 18. O-O-O Rab8 19. Kb1 Rfd8 (19... Na4 $11) 20. Nd5 Bxd5 $1 21. Qxd5 Na4 22. Qb3 Nb6 23. Rg2 Nc4 24. Bxc4 (24. Bc1 $1 $16) 24... bxc4 (24... Qxc4 $14 25. Rgd2 Re8) 25. Qc3 $16 Rb5 26. Rd5 $1 Rdb8 27. Rxb5 axb5 ({Better is} 27... Rxb5 28. f4 Rb8) 28. Rd2 Qc8 29. Rd5 $1 Qh3 {[#]} (29... Qc6 $142 30. f4 f6) 30. Rxe5 $1 $18 {[%mdl 512]} Qf1+ $2 {[#]} (30... Bf8 31. Ba7 dxe5 32. Bxb8 Qg3) (30... dxe5 31. Qxe5) 31. Bc1 $1 dxe5 32. Qxe5 {[%csl Gh6][%cal Re5g7][%mdl 64] Double Attack} f6 {Accuracy: White = 65%, Black = 28%.} (32... Bf8 $18 33. Qxb8 c3 34. bxc3 Qg1) 1-0

[Event "1st Archibald 2019"]
[Site "Sochi"]
[Date "2019.05.15"]
[Round "5.15"]
[White "Gochelashvili, David"]
[Black "Dashko, Andrey"]
[Result "1-0"]
[WhiteElo "2392"]
[BlackElo "2211"]
[Annotator "TA"]
[PlyCount "129"]
[EventDate "2019.05.12"]
[EventType "swiss"]
[EventCountry "RUS"]
[SourceTitle "playchess.com"]
[Source "ChessBase"]
[SourceQuality "1"]

{[%evp 25,129,14,13,-20,13,12,24,17,32,14,31,12,13,13,21,-33,-30,-33,-18,-20,-16,-13,0,-14,88,94,95,121,109,0,0,0,0,0,0,-14,-15,-15,-15,-15,-15,-12,0,-21,-20,-100,-106,-108,-101,-102,-8,-8,-8,-8,-8,-8,0,-4,0,0,0,0,0,0,3,10,296,0,734,576,734,831,1317,1144,1375,1335,1322,1291,1113,993,2491,2254,3617,1368,1287,0,3182,2368,9318,12663,12812,3440,7612,4636,2978,2944,29977,29978,29974,12620,29974,29976,29957,8971,29976,29979]} 1. Nf3 Nf6 2. b3 d5 3. Bb2 Bf5 4. g3 e6 5. Bg2 h6 6. O-O Be7 7. d3 O-O 8. Nbd2 c6 9. Re1 a5 10. a3 Na6 11. e4 Bh7 12. Qe2 Re8 13. Ne5 Nc5 14. f4 {A07: Réti Opening: New York and Capablanca Systems} (14. h4 Qb6 15. Rab1 Qd8 16. Rbd1 Ncd7 17. f4 Nxe5 18. fxe5 Nd7 19. Kh2 Qc7 20. d4 a4 21. c4 dxc4 22. Nxc4 axb3 {1-0 (41) Matinian,N (2478)-Filipenko,A (2286) Samara 2017}) 14... Nfd7 $146 (14... Na4 $5 15. Bd4 dxe4 $11) ({Predecessor:} 14... Ncd7 15. Nxd7 Nxd7 16. Kh1 Qc7 17. e5 b5 18. Nf3 a4 19. b4 c5 20. bxc5 Bxc5 21. c4 dxc4 22. dxc4 {0-1 (54) Schaad,P (1996)-Hohler,P (2200) Samnaun 2008}) 15. Ng4 Nf6 16. Nf2 {White has an edge.} Qc7 17. Qe3 Nfd7 18. Ng4 Rad8 19. Kh1 $36 {[%mdl 2048] White has the initiative.} Bf8 20. Qd4 ({Better is} 20. Qe2 $11) 20... e5 $15 21. fxe5 dxe4 22. Bxe4 ({Much worse is} 22. Nxe4 Bxe4 23. Rxe4 Nxe4 $17) 22... Nxe4 23. Nxe4 Re6 24. Qf2 Bxe4+ (24... Bg6 $11 {remains equal.}) 25. Rxe4 $16 h5 26. Ne3 Nxe5 27. Qf5 (27. Rf1 $1 $16 {Hoping for Rxe5.} Ng4 28. Nxg4 hxg4 29. Rxe6 (29. Rxg4 Rd5 $16) 29... fxe6 30. Qe2) 27... Rde8 $1 $11 28. Qxh5 g6 29. Qh3 f5 30. Nxf5 gxf5 31. Qxf5 {Black must now prevent Rae1.} Qf7 32. Rf1 Qxf5 33. Rxf5 {[%cal Rb2e5]} Bg7 34. Rg5 Kf7 35. Rxg7+ (35. Rf4+ $11 {keeps the balance.} Bf6 36. Bc3) 35... Kxg7 $17 36. d4 {[#]} Nd3 $1 {[%mdl 512]} 37. d5+ (37. cxd3 Rxe4) 37... Kg6 (37... Nxb2 $17 38. dxe6 Nd1) 38. Rxe6+ $11 Rxe6 39. dxe6 Nxb2 {[%mdl 4096] Endgame KN-KP} 40. Kg2 Nd1 {...Ne3+ is the strong threat.} 41. Kf3 Nc3 42. Ke3 Kf6 43. Kd4 Nb5+ 44. Kc5 {aiming for a4.} Kxe6 (44... Nxa3 $2 45. Kd6 $18) 45. a4 Nd6 $2 {[%mdl 8192]} (45... Na3 $1 $11 {and Black has nothing to worry.}) 46. h4 $2 (46. Kb6 $18) 46... Kd7 $2 {[%mdl 8192]} (46... Nc8 $11) 47. Kb6 $1 $18 Kc8 48. g4 Ne4 49. h5 Ng5 50. h6 Nh7 51. c4 Ng5 52. c5 Nh7 53. Kxa5 Kc7 54. Kb4 (54. b4 $142 b6+ 55. Ka6 (55. cxb6+ Kb7 $11) 55... bxc5 56. bxc5) 54... Kd7 55. Ka5 (55. Kc4 $142 Ng5 56. b4) 55... Kc7 $1 {[#]} 56. b4 $1 {[%cal Bb3b4,Bb4b5][%mdl 32]} Ng5 57. b5 Nh7 58. Kb4 (58. b6+ $142 Kd8 59. Kb4) 58... Ng5 59. Kc4 Kd7 60. Kd4 cxb5 61. axb5 Ke6 62. Kc4 (62. b6 $142 Kd7 63. Ke3 Nh7 64. Kf4 Nf8 65. Kf5 Kc6 66. g5 Kxc5 67. g6 Nxg6 68. Kxg6) 62... Nh7 63. b6 Kd7 64. Kb5 (64. Kd3 $142 Ng5 65. Ke3 Nh7 66. Kf4 Ke7 {[#]} 67. c6 $1 {[%mdl 512]} Nf8 68. cxb7 Ne6+ 69. Kg3) 64... Ng5 65. c6+ {[%mdl 64] Promotion. Accuracy: White = 49%, Black = 36%.} 1-0

[Event "1st Archibald 2019"]
[Site "Sochi"]
[Date "2019.05.15"]
[Round "5.16"]
[White "Eraschenkov, Denis"]
[Black "Potapova, Margarita"]
[Result "1-0"]
[WhiteElo "2391"]
[BlackElo "2253"]
[Annotator "TA"]
[PlyCount "67"]
[EventDate "2019.05.12"]
[EventType "swiss"]
[EventCountry "RUS"]
[SourceTitle "playchess.com"]
[Source "ChessBase"]
[SourceQuality "1"]

{[%evp 9,67,15,12,0,0,-13,31,5,13,5,0,0,0,-4,-5,-45,-46,-35,-44,-37,27,39,38,24,7,12,91,-76,94,93,212,219,218,219,295,297,499,486,489,475,602,547,722,554,887,883,882,872,1437,1334,29983,29984,29989,29990,29992,29993,29993,29992,29992,29993]} 1. c4 Nf6 2. g3 e6 3. Bg2 d5 4. Nf3 d4 5. O-O c5 6. b4 {A13: English Opening: 1...e6} (6. e3 Nc6 7. exd4 cxd4 8. d3 Bd6 9. Bg5 h6 10. Bxf6 Qxf6 11. Nbd2 Qe7 12. a3 a5 13. Ne4 Bc7 14. b4 axb4 15. axb4 Rxa1 16. Qxa1 Qxb4 {0-1 (43) Maghsoodloo,P (2673)-Matlakov,M (2692) Sharjah 2019}) 6... cxb4 7. a3 bxa3 8. d3 {White is slightly better.} a2 $146 ({Predecessor:} 8... Nc6 9. Nbd2 Be7 10. Bxa3 O-O 11. Qa4 e5 12. Rfb1 Re8 13. Ng5 Qc7 14. Bxe7 Rxe7 {1-0 (38) Plachetka,J (2348)-Furman,B (2207) Marianske Lazne 2016}) 9. Rxa2 Nc6 10. Ba3 Bxa3 11. Nxa3 O-O 12. Qa4 e5 13. Nd2 Bd7 14. Nc2 Qe7 (14... Qc7 $15) 15. Rb1 $11 Nd8 16. Qb4 Qe6 17. Qc5 ({Not} 17. Bxb7 $2 Rb8 $19) 17... b6 {[#]} (17... a6 $11) 18. Qxf8+ $1 $16 Kxf8 19. Bxa8 Nc6 {[#]} (19... a5 $16) 20. Bxc6 $1 $18 Qxc6 21. Rxa7 Bh3 {[%csl Gh3][%cal Rc6g2]} 22. Nf3 g6 $2 {[#]} (22... Qd6 {keeps fighting.} 23. Ng5 Bd7) 23. Rxf7+ $1 {[%mdl 512]} Kg8 (23... Kxf7 24. Nxe5+) 24. Nb4 Qd6 25. Ra7 e4 26. Ng5 Bg4 27. Nd5 Nxd5 28. cxd5 e3 29. f3 Qxd5 30. Ne4 {White mates.} Qc6 31. fxg4 Qc2 32. Nf6+ Kf8 33. Nxh7+ Ke8 34. Rf1 {Accuracy: White = 78%, Black = 19%.} 1-0

[Event "1st Archibald 2019"]
[Site "Sochi"]
[Date "2019.05.15"]
[Round "5.17"]
[White "Mikhailovsky, Vladimir"]
[Black "Zakaryan, David"]
[Result "1-0"]
[WhiteElo "2180"]
[BlackElo "2350"]
[Annotator "TA"]
[PlyCount "73"]
[EventDate "2019.05.12"]
[EventType "swiss"]
[EventCountry "RUS"]
[SourceTitle "playchess.com"]
[Source "ChessBase"]
[SourceQuality "1"]

{[%evp 9,72,9,14,1,29,-5,14,14,22,0,0,-31,-5,-27,-27,-66,31,-74,-79,-63,-74,-81,-87,-74,-76,-109,-105,-110,-101,-93,-75,-81,-83,-63,-70,-69,-52,-102,-103,-102,-113,-102,-93,-120,-25,-92,233,227,233,227,228,238,266,240,530,543,426,412,29990,0,29991,29992,29998,29999,29999]} 1. e4 e5 2. Nf3 Nc6 3. Nc3 {[%cal Bb1c3,Bc3e2,Be2g3][%mdl 32]} Nf6 4. Bb5 Bd6 5. O-O O-O 6. d3 {C48: Four Knights: 4 Bb5, replies other than 4...Bb4} h6 7. Ne2 Re8 8. Ng3 {The position is equal.} Bf8 9. Qe2 $146 ({Predecessor:} 9. Re1 a6 10. Bxc6 dxc6 11. h3 c5 12. b3 g6 13. Be3 {½-½ (25) Rozentalis,E (2588)-Stefanova,A (2535) Chalkida 2009}) 9... a6 10. Bc4 d6 11. c3 Na5 12. h3 c6 (12... Nxc4 $15 13. dxc4 Bd7) 13. Be3 (13. Bxf7+ $1 $14 {keeps the upper hand.} Kxf7 14. b4) 13... Nxc4 $17 14. dxc4 b5 15. Nd2 d5 16. cxd5 cxd5 17. f3 Qc7 18. Qf2 b4 19. Bb6 Qb8 20. cxb4 Bxb4 21. Nb3 d4 22. Bc5 Be6 {...Bxb3 is the strong threat.} 23. Rac1 Bxb3 24. axb3 Bxc5 25. Rxc5 Qxb3 26. Nf5 Qe6 ({Black should play} 26... Kh7 $17 27. Rfc1 Re6) 27. Rfc1 (27. Qg3 $11 Nh5 28. Qg4) 27... Nh5 $2 {[%mdl 8192]} (27... Kh7 $1 $17) 28. Rc6 $1 $18 {[%cal Rc6e6]} Qb3 29. Qh4 $1 {[%cal Rh4h5]} Nf4 {[#] Threatens to win with ...d3.} 30. Rxh6 $1 {[%csl Gh4][%cal Rh6h8][%mdl 512]} Ng6 {[#]} ({Wrong is} 30... gxh6 $2 31. Nxh6+ Kg7 32. Nf5+ Kg8 33. Qg5+ Ng6 34. Rc6 $18) ({Not} 30... Ne2+ 31. Kh2 f6 32. Rc7 $1 {[%mdl 512]} Kf8 33. Rxf6+ $1 {[%mdl 512]} gxf6 34. Qxf6+ Kg8 35. Nh6#) 31. Qh5 $1 $40 {[%mdl 128] Black is in trouble.} Qxb2 $2 {[#]} (31... Rac8 32. Rxc8 Rxc8) 32. Rc7 $3 {[%mdl 512] White threatens Rxg6 and mate.} Qb6 {[#]} 33. Rh7 $3 {[%mdl 512]} Qxc7 (33... d3+ $18 34. Kh2 Qf6 35. Rxg7+ Qxg7) 34. Rxg7+ Kf8 35. Qh6 {[%csl Gh6][%cal Rg7g6] White mates.} Re6 {[#]} 36. Rg8+ $1 {[%mdl 576] Decoy, Clearance} Kxg8 37. Qg7# {Accuracy: White = 56%, Black = 35%.} 1-0

[Event "1st Archibald 2019"]
[Site "Sochi"]
[Date "2019.05.15"]
[Round "5.18"]
[White "Solozhenkin, Evgeniy"]
[Black "Yudkevich, Mikhail"]
[Result "1-0"]
[WhiteElo "2441"]
[BlackElo "1971"]
[Annotator "TA"]
[PlyCount "47"]
[EventDate "2019.05.12"]
[EventType "swiss"]
[EventCountry "RUS"]
[SourceTitle "playchess.com"]
[Source "ChessBase"]
[SourceQuality "1"]

{[%evp 16,55,0,-37,-33,-10,-22,-22,0,-4,-16,-22,-23,-38,-16,-29,-12,-82,-38,-76,12,-67,35,21,10,18,206,209,220,192,893,887,835,792,785,783,776,775,769,756,715,704]} 1. e4 e6 2. d4 d5 3. Nc3 Bb4 4. e5 c5 5. a3 Bxc3+ 6. bxc3 Ne7 7. Qg4 cxd4 8. cxd4 Qc7 9. Bd2 Qxc2 {C18: French: 3 Nc3 Bb4: Main line: 7 h4 and 7 Qg4} (9... Nd7 10. Nf3 Qxc2 11. Rc1 Qg6 12. Qh3 Qe4+ 13. Be3 Nf5 14. Kd2 h5 15. Bb5 a6 16. Be2 Qg4 17. Qxg4 hxg4 {½-½ (28) Amonatov,F (2647)-Romanov,E (2576) Moscow 2009}) 10. Qxg7 Rg8 11. Qh6 $1 Qb2 {The position is equal.} 12. Rc1 Qxd4 13. Qxh7 Qxe5+ 14. Ne2 {Hoping for Rxc8+!} Nbc6 15. h4 $1 Bd7 16. Rh3 (16. Qb1 $11) 16... d4 17. Rf3 $146 ({Predecessor:} 17. Qb1) 17... Qg7 ({Black should try} 17... f5 $17 18. Qh5+ Rg6) 18. Qb1 (18. Qxg7 $11 Rxg7 19. h5) 18... e5 (18... Rh8 $15 19. g3 (19. Qxb7 Rb8 $17) 19... Rc8) 19. Ng3 {Threatens to win with Nh5.} f5 $1 {Strongly threatening ...e4.} 20. Bg5 $36 {[%mdl 2048] And now Nh5 would win. White fights for an advantage.} Rh8 $2 (20... Rf8 $11 {and Black is okay.}) 21. Qxb7 $18 Rb8 22. Qc7 e4 $2 {[#]} (22... Rxh4 23. Bxe7 (23. Bxh4 Qh6 $15 {[%mdl 64] Double Attack}) 23... Qxe7) 23. Nxf5 $1 {[%mdl 512] White is clearly winning.} Nxf5 {[#]} (23... Bxf5 24. Rxf5) 24. Rxc6 {Played: Rf3xf5} 1-0